Statistics for Hunger Games Actors and Actresses

Click here to take the quiz!

General Stats

  • This quiz has been taken 45 times
  • The average score is 7 of 10

Answer Stats

Answer% Correct
Jennifer Lawrence
100%
Liam Hemsworth
98%
Josh Hutcherson
84%
Woody Harrelson
77%
Elizabeth Banks
70%
Donald Sutherland
66%
Stanley Tucci
59%
Willow Shields
57%
Lenny Kravitz
55%
Wes Bentley
20%

Score Distribution

Percentile by Number Answered

Percent of People with Each Score

Your Score History

You have not taken this quiz